| 000 | 01180cam a22002298i 4500 | ||
|---|---|---|---|
| 999 |
_c58250 _d58250 |
||
| 001 | 21930820 | ||
| 005 | 20221105185645.0 | ||
| 008 | 210308s2022 nyu b 001 0 eng | ||
| 020 | _a9780367647155x | ||
| 041 | _aeng | ||
| 080 | _a378.1 O-56 | ||
| 245 | 0 | 0 |
_aOnline teaching and learning in higher education during Covid-19 : _binternational perspectives and experiences / _cedited by Roy Y. Chan, Krishna Bista, Ryan M. Allen. |
| 264 | 1 |
_aNew York, NY : _bRoutledge, _c2022. |
|
| 300 |
_a245 pages _b24 cm. |
||
| 653 | _aონლაინ სწავლება და სწავლა უმაღლეს განათლებაში Covid-19– ის დროს | ||
| 653 | _aკომპიუტერული ინსტრუქცია | ||
| 653 | _aსოციალური დისტანცია (საზოგადოებრივი ჯანმრთელობა) და განათლება | ||
| 700 | 1 |
_aChan, Roy Y., _d _eრედაქტორი _912613 |
|
| 700 | 1 |
_aBista, Krishna, _d _eრედაქტორი _912614 |
|
| 700 | 1 |
_aAllen, Ryan M., _eრედაქტორი _912615 |
|
| 942 |
_2udc _cBK |
||